Biblioteca y Centro de Documentación

Memoria de actividades 1997 (Registro nro. 8664)

Detalles MARC
000 -CABECERA
Longitud fija campo de control 01356nam a2200349 c 4500
001 - NÚMERO DE CONTROL
Número de control 8664
003 - IDENTIFICADOR DE NÚMERO DE CONTROL
Identificador del número de control ES-MaCES
005 - FECHA Y HORA DE LA ÚLTIMA TRANSACCIÓN
Fecha y hora de la última transacción 20141221121951.0
008 - CAMPO FIJO DE DESCRIPCIÓN FIJA--INFORMACIÓN GENERAL
Códigos de información de longitud fija   990408s1998 sp d 000 | spa d
017 ## - NÚMERO DE REGISTRO DE DERECHOS DE AUTOR Y DEPÓSITO LEGAL
Número de copyright o de depósito legal B 41997-1998
Agencia que asigna el número DL
035 ## - NÚMERO DE CONTROL DEL SISTEMA
Número de control del sistema CES19990005386m
040 ## - FUENTE DE CATALOGACIÓN
Centro catalogador de origen ES-MaCES
Lengua de catalogación spa
Centro transcriptor ES-MaCES
110 2# - ENCABEZAMIENTO PRINCIPAL--NOMBRE CORPORATIVO
Nombre de entidad corporativa o nombre de jurisdicción como elemento inicial Fundación Centro de Iniciativas e Investigaciones Europeas en el Mediterráneo
9 (RLIN) 3777
245 10 - MENCIÓN DE TÍTULO
Título Memoria de actividades 1997
Mención de responsabilidad, etc. [Fundació CIREM, Fundación Centro de Iniciativas e Investigaciones Europeas en el Mediterráneo ; edición, Humbert Roma]
260 ## - PUBLICACIÓN, DISTRIBUCIÓN, ETC (PIE DE IMPRENTA)
Lugar de publicación, distribución, etc. Barcelona
Nombre del editor, distribuidor, etc. Fundación CIREM
Fecha de publicación, distribución, etc. 1998
300 ## - DESCRIPCIÓN FÍSICA
Extensión 115 p.
Otras características físicas gráf. col.
Dimensiones 21x21 cm
500 ## - NOTA GENERAL
Nota general Dir. de E-mail: f.cirem@cirem.es [y] f.cirem_madrid@cirem.es
500 ## - NOTA GENERAL
Nota general Dir. de Internet: http://www.cirem.es
541 ## - NOTA DE LA FUENTE INMEDIANTE DE ADQUISICIÓN
Forma de adquisición Gratuito
610 24 - ASIENTO SECUNDARIO DE MATERIA--NOMBRE CORPORATIVO
Nombre de entidad corporativa o nombre de jurisdicción como elemento inicial Fundación Centro de Iniciativas e Investigaciones Europeas en el Mediterráneo
9 (RLIN) 3777
650 #4 - ASIENTO SECUNDARIO DE MATERIA--TÉRMINO DE MATERIA
Término de materia o nombre geográfico como elemento inicial informe de actividades
9 (RLIN) 28984
650 #4 - ASIENTO SECUNDARIO DE MATERIA--TÉRMINO DE MATERIA
Término de materia o nombre geográfico como elemento inicial memoria anual
9 (RLIN) 28977
650 #4 - ASIENTO SECUNDARIO DE MATERIA--TÉRMINO DE MATERIA
Término de materia o nombre geográfico como elemento inicial 1997
9 (RLIN) 30803
650 #4 - ASIENTO SECUNDARIO DE MATERIA--TÉRMINO DE MATERIA
Término de materia o nombre geográfico como elemento inicial informe
9 (RLIN) 28986
653 10 - TÉRMINO DE INDEXACIÓN--NO CONTROLADO
Término no controlado Organizaciones
700 1# - ENCABEZAMIENTO SECUNDARIO--NOMBRE PERSONAL
Nombre de persona Roma, Humbert
Término indicativo de función ed. lit.
9 (RLIN) 22541
787 0# - ENTRADA DE OTRAS ESPECIFICACIONES
Título Memoria de actividades 1998
Número de control del registro relacionado (ES-MaCES)9345
787 0# - ENTRADA DE OTRAS ESPECIFICACIONES
Título Memoria de actividades 1996
Número de control del registro relacionado (ES-MaCES)6116
902 ## - CES. TIPO DE DOCUMENTO
Tipodoc (006$c Sirtex) LIB Libro
942 ## - ELEMENTOS KOHA
Fuente de clasificaión o esquema Clasificación propia del CES
Koha [por defecto] tipo de item Monografías
Parte de clasificación 6.3.
Existencias
Número de registro Signatura completa Tipo de item de Koha
029553 DPT-123 Monografías
© CES, Consejo Económico y Social de España 2021